000 00856nas a2200277 4500
001 BR9804578
003 BR-BrBNA
005 20231205101111.0
007 ta
008 230509b bl.|||p| |||| 00| 00por d
040 _aBR-BrBNA
_bpor
_cBiblioteca Nacional de Agricultura
041 _a(Pt)
072 _aL51
100 1 _aBorges, F.M.O.
100 1 _aVeloso, J.A.F.
100 1 _aBaiao, N.C.
100 1 _aCosta, M.F.V.
245 1 _aDeposicao de fluor de diferentes fontes de fosforo nos tecidos moles de frangos de corte
650 _aFrango de Corte
650 _aFluor
650 _aFosforo
650 _aExigencia Nutricional
773 0 _tArquivo Brasileiro de Medicina Veterinaria e Zootecnia (Brazil)
_xISSN 0102-0935
_g(Feb 1998), v. 50(1) p. 69-73
_wBR9804578
909 _a202311
_bLúcia
_c55
_dLúcia Elande
942 _2AGRIS
_n0
_cANA
999 _c159719
_d159719